Betriebliche Umweltökonomie Reader zur ökologieorientierten Betriebswirtschaftslehre 1988-1991

Saved in:
Bibliographic Details
Other Authors: Seidel, Eberhard, Strebel, Heinz
Format: Book
Language:German
Published: Wiesbaden Gabler 1993
Edition:1. Aufl.
Subjects:
Tags: Add Tag
No Tags, Be the first to tag this record!

MARC

LEADER 00000nam a2200000 4500
001 c006263
005 20221214081827.3
020 |a 3-409-13816-1 
041 0 |a ger 
044 |a DE 
245 1 0 |a Betriebliche Umweltökonomie  |b Reader zur ökologieorientierten Betriebswirtschaftslehre 1988-1991  |c Edit. Eberhard Seidel, Heinz Strebel 
250 |a 1. Aufl. 
264 1 |a Wiesbaden  |b Gabler  |c 1993 
300 |a 500 s. 
610 2 0 |a hospodárstvo podnikové 
610 2 0 |a prostredie životné 
610 2 0 |a ekológia 
610 2 0 |a ekonómia 
610 2 0 |a ochrana prostredia životného 
610 2 0 |a manažment 
610 2 0 |a inovácia 
700 1 |a Seidel, Eberhard 
700 1 |a Strebel, Heinz